000 00270nam a22001097a 4500
082 _a720.284 PAL'M
100 _aPALMER, R ROLAND,RICE, WILLIAM MAXWELL
_958109
245 _aMODERN PHYSICS BUILDINGS
260 _aNEWYORK
_bREINHOLD
_c1961
300 _a324P
942 _cBK
999 _c568323
_d568323